| 000 | 00852nam0a22002531 4500 | ||
|---|---|---|---|
| 001 | rc\3030542 | ||
| 005 | 20250806201627.0 | ||
| 035 | _a(NLR Aleph) 007171506 | ||
| 090 |
_a20877 _c20877 |
||
| 100 | _a20110930d1942 u y0rusy50 ca | ||
| 101 | 0 | _arus | |
| 102 | _aRU | ||
| 105 | _ay z ||||| | ||
| 200 | 1 |
_aИндикация БОВ _eКраткое практ. руководство для врачей, фармацевтов и химиков _fБ.Н. Родневич |
|
| 210 |
_aМосква _cМедгиз _d1942 |
||
| 215 |
_a43, [4] с. _d15 см |
||
| 700 | 1 |
_aРодневич _bБ.Н. _gБорис Николаевич |
|
| 801 | 0 |
_aRU _bNLR _gpsbo |
|
| 801 | 1 |
_aRU _bELAR _2rusmarc |
|
| 852 |
_aNLR _jВ60 Г-2/1049 |
||
| 942 | _cBOOK | ||
| 945 | _aРоссийская национальная библиотека | ||
| 980 | _aNB | ||
| 980 | _aBV | ||